=LDR 00000nam 2200000 4500 =001 INLIS000000000033509 =005 20130612135447 =008 ***********************************ind** =035 ##$$0010-061300000033509 =041 ##$$a ind =082 ##$$a 615.4 =090 ##$$a 615.4, Sha b =100 ##$$a Shargel, Leon =245 ##$$a Biofarmatika dan farmakokintika terapan, Leon shargel, Andrew B.c Yu =260 ##$$a 2005 $b Surabaya =300 ##$$a x,545 hlm, Ilus, 24 cm =650 ##$$a Farmasi =700 ##$$a Adrew B.c. Yu =850 ##$$a NBPNMAT